Протяжки круглые переменного резания; ГОСТ 20364-74 Протяжки круглые переменного резания диаметром от 10 до 13 мм. Конструкция и размеры; ГОСТ 20365-74 Протяжки круглые переменного резания диаметром от 14 до 90 мм. Конструкция и размеры

Bibliographische Detailangaben
Körperschaft: СССР Государственный комитет по стандартам (Госстандарт)
Sprache:Russisch
Veröffentlicht: Москва, Изд-во стандартов, 1983
Ausgabe:Изд. офиц.
TOC:ГОСТ 20364-74 Протяжки круглые переменного резания диаметром от 10 до 13 мм. Конструкция и размеры;
ГОСТ 20365-74 Протяжки круглые переменного резания диаметром от 14 до 90 мм. Конструкция и размеры;
Schriftenreihe:Государственные стандарты
Schlagworte:
Format: MixedMaterials Buch
KOHA link:https://koha.lib.tpu.ru/cgi-bin/koha/opac-detail.pl?biblionumber=157003

MARC

LEADER 00000nam0a2200000 4500
001 157003
005 20231031153453.0
035 |a (RuTPU)RU\TPU\book\170262 
035 |a RU\TPU\book\170206 
090 |a 157003 
100 |a 20090401d1983 km y0rusy50 ca 
101 0 |a rus 
102 |a RU 
105 |a a l 000zy 
200 1 |a Протяжки круглые переменного резания 
205 |a Изд. офиц. 
210 |a Москва  |c Изд-во стандартов  |d 1983 
215 |a 163 с.  |c ил. 
225 1 |a Государственные стандарты 
464 |t ГОСТ 20364-74 Протяжки круглые переменного резания диаметром от 10 до 13 мм. Конструкция и размеры 
464 |t ГОСТ 20365-74 Протяжки круглые переменного резания диаметром от 14 до 90 мм. Конструкция и размеры 
610 1 |a стандарты 
610 1 |a ГОСТы 
610 1 |a конструкция 
610 1 |a размеры 
610 1 |a протяжки 
610 1 |a резание 
610 1 |a обработка 
610 1 |a отверстия 
712 0 1 |a СССР  |b Государственный комитет по стандартам (Госстандарт)  |c (1978-1989)  |2 stltpush  |3 (RuTPU)RU\TPU\col\12454 
801 2 |a RU  |b 63413507  |c 20221208  |g PSBO 
942 |c BK